| 000 | 00751nam a2200241Ia 4500 | ||
|---|---|---|---|
| 003 | OSt | ||
| 005 | 20220930070252.0 | ||
| 006 | a|||||r|||| 00| 0 | ||
| 007 | ta | ||
| 008 | 220926b |||||||| |||| 00| 0 eng d | ||
| 024 | _a6771 | ||
| 037 | _cTheses | ||
| 040 |
_aCRL _cCRL _beng |
||
| 041 |
_2eng _aeng |
||
| 100 |
_aSharma Poonam _9371809 |
||
| 110 | _aUniversity of Delhi. Faculty of Science. Department of Geology | ||
| 245 | 0 |
_aMafic plutenic suite in the southern tip of the Aravalimountains range _b Petrology, geochemistry and emplacement history |
|
| 260 | _c1990 | ||
| 650 | _aGEOLOGY | ||
| 700 | _aUniversity of Delhi. Faculty of Science. Department of Geology | ||
| 942 |
_cDIS _2CC |
||
| 999 |
_c860692 _d860692 |
||